| 000 | 00838cam a22002411 4500 | ||
|---|---|---|---|
| 001 | sa 63003328 | ||
| 003 | DLC | ||
| 005 | 20260227111941.0 | ||
| 008 | 770428s1961 ii 000 0 eng | ||
| 010 | _asa 63003328 | ||
| 035 | _a(OCoLC)2923032 | ||
| 040 |
_aDLC _cICarbS _dOCoLC _dDLC |
||
| 042 | _apremarc | ||
| 050 | 0 | 0 |
_aLB775.G22 _bM35 |
| 100 | 1 |
_aMani, R S , _ceducator. |
|
| 245 | 1 | 0 |
_aEducational ideas and ideals of Gandhi and Tagore; _ba comparative study with relevance to modern India. |
| 250 | _a[1st ed.] | ||
| 260 |
_aNew Delhi, _bNew Book Society of India _c[1961] |
||
| 300 |
_a208 p. _c22 cm. |
||
| 500 | _a"Author ... was awarded the degree of Ph. D. by the University of Madras in 1958 for this ... work." | ||
| 600 | 1 | 0 |
_aGandhi, _cMahatma, _d1869-1948. |
| 600 | 1 | 0 |
_aTagore, Rabindranath, _d1861-1941. |
| 999 |
_c55026 _d55026 |
||